000 01327nam a2200325 ia4500
003 OSt
005 20260409111609.0
008 260407s2025 nyua jrb 000 0 eng d
020 _a9780241743089
_cRM 98.90
_qhardback
040 _aPPAK
_beng
_cPPAK
_erda
082 0 4 _223
_a153.7
090 0 0 _a153.7
_bDAV
_dK
100 1 _aDavis, Juliyen,
_eauthor.
245 1 0 _aa kids book about POWER /
_cby Juliyen Davis.
246 3 0 _aPower
250 _aFirst American edition.
264 1 _aNew York, NY :
_bDK Publishing,
_c[2025]
300 _a1 volume (unpaged) :
_bcolour illustrations ;
_c26 cm
336 _atext
_2rdacontent
337 _aunmediated
_2rdamedia
338 _avolume
_2rdacarrier
490 1 _aa kids book about
520 _a"Learn to spot the power inside of you and all around you! This is a kids' book about power. Power isn't a mysterious thing that only a select few are born with - we all have power! And when we share that power with those around us, we can make change and achieve GREAT things."--
_cProvided by publisher.
521 1 _aAges 5+
650 1 0 _aControl (Psychology)
_vJuvenile literature
650 2 0 _aPower (Philosophy)
_vJuvenile literature
650 2 0 _aNeurodiversity
_vJuvenile literature
830 0 _aa kids book about
942 _2ddc
_cB
999 _c203718
_d203718